Statistiques concernant Nommez toutes les capitales qui ...

Cliquez ici pour prendre le quiz!

Statistiques générales

  • Ce quiz a été pris 491 fois
  • Le résultat moyen est 23 sur 54

Statistiques - réponses

HintRéponse% Correct
... Commencez par WWashington
91%
Washington
91%
... qui ont au moins 85% deviné dans le quiz des Capitales mondialesParis
84%
... qui est considéré comme étant en Afrique du NordAlger
81%
Tunis
79%
Wellington
79%
Londres
78%
Rabat
77%
Tokyo
77%
... qui parle turcAnkara
76%
Luxembourg
76%
Luxembourg
76%
... compte plus de 10 millions d'habitantsPekin
76%
Tripoli
70%
Tripoli
70%
Riga
64%
Vilnius
62%
Berlin
55%
Rome
51%
Monaco
50%
Moscou
50%
Mexico
49%
Vatican
49%
Delhi
48%
... d'un pays commençant par LBeyrouth
47%
Saint Marin
43%
Jakarta
38%
Vientiane
35%
Vaduz
33%
Windhoek
32%
Sucre
30%
Nicosie
28%
... qui porte EXACTEMENT le même nom que leur nationDjibouti
27%
Singapour
27%
Manille
23%
... avec une élévation de plus de 2000 mQuito
23%
Maseru
21%
Athenes
20%
Khartoum
20%
Monrovia
19%
Bogota
18%
Caire
17%
Caire
17%
Thimphou
14%
Kinshasa
12%
Sofia
10%
Asmara
8%
Bagdad
8%
Addis Abeba
7%
Tirana
7%
Skopje
4%
Juba
1%
Prishtina
0%
Sana'a
0%

Distribution des résultats

Percentile par nombre de réponses

% des personnes avec chaque résultat

Votre développement - résultats

Vous n’avez pas pris ce quiz